Textbook on the Philippine constitution / (Record no. 72637)

MARC details
000 -LEADER
fixed length control field 00696nam a22002297i 4500
003 - CONTROL NUMBER IDENTIFIER
control field URS
005 - DATE AND TIME OF LATEST TRANSACTION
control field 20251001091327.0
008 - FIXED-LENGTH DATA ELEMENTS--GENERAL INFORMATION
fixed length control field 160408s2002 ph ||||| |||| 00| 0 eng d
020 ## - INTERNATIONAL STANDARD BOOK NUMBER
International Standard Book Number 9712334481
040 ## - CATALOGING SOURCE
Description conventions rda
Transcribing agency URS
Language of cataloging eng
050 14 - LIBRARY OF CONGRESS CALL NUMBER
Classification number KPM 1750
Item number D3402 2002
100 1# - MAIN ENTRY--PERSONAL NAME
Personal name De Leon, Hector S.
245 10 - TITLE STATEMENT
Title Textbook on the Philippine constitution /
Statement of responsibility, etc. by Hector S. De Leon.
250 ## - EDITION STATEMENT
Edition statement 2002 edition
264 #1 - PRODUCTION, PUBLICATION, DISTRIBUTION, MANUFACTURE, AND COPYRIGHT NOTICE
Place of production, publication, distribution, manufacture Manila :
Name of producer, publisher, distributor, manufacturer Rex Book Store,
Date of production, publication, distribution, manufacture, or copyright notice [date of publication not identified]
264 #4 - PRODUCTION, PUBLICATION, DISTRIBUTION, MANUFACTURE, AND COPYRIGHT NOTICE
Date of production, publication, distribution, manufacture, or copyright notice copyright 2002
300 ## - PHYSICAL DESCRIPTION
Extent xlv, 516 pages ;
Dimensions 25 cm
336 ## - CONTENT TYPE
Source rdacontent
Content type term text
337 ## - MEDIA TYPE
Source rdamedia
Media type term unmediated
338 ## - CARRIER TYPE
Source rdacarrier
Carrier type term volume
650 #0 - SUBJECT ADDED ENTRY--TOPICAL TERM
Topical term or geographic name entry element Constitutional law
Geographic subdivision Philippines
Holdings
Withdrawn status Source of classification or shelving scheme Damaged status Not for loan Collection code Home library Current library Shelving location Date acquired Total Checkouts Full call number Barcode Date last seen Price effective from Koha item type
  Library of Congress Classification     Non-fiction Tanay College Library Tanay College Library General Stacks 01/12/2015   K1401 L55 2002 KPM 1750 D3402 2002 07/03/2018 01/12/2015 Filipiniana
  Library of Congress Classification     Non-fiction Tanay College Library Tanay College Library General Stacks 01/12/2015   KPM 1750 D3402 2002 URSTAN-15296 01/12/2015 01/12/2015 Filipiniana
  Library of Congress Classification     Non-fiction Tanay College Library Tanay College Library Reserve Section 01/12/2015   KPM 1750 D3402 2002 URSTAN-N3571 01/12/2015 01/12/2015 Filipiniana

University of Rizal System
Email us at univlibservices@urs.edu.ph

Visit our Website www.urs.edu.ph/library